Mozzarella most murderous / Nancy Fairbanks.
Available copies
- 1 of 1 copy available at LARL/NWRL Consortium.
Current holds
0 current holds with 1 total copy.
Show All Copies
| Location | Call Number / Copy Notes | Barcode | Shelving Location | Status | Due Date |
|---|---|---|---|---|---|
| Thief River Falls Public Library | pb (Text) | 35500003746888 | Main | Available | - |
Record details
- ISBN: 0425203999 (pbk.) :
- Physical Description: 294 p. ; 18 cm.
- Edition: Berkley Prime Crime mass-market ed.
- Publisher: New York : Berkley Prime Crime, 2005.
Content descriptions
| General Note: | "A culinary mystery with recipes"--Cover. |
Search for related items by subject
| Subject: | Blue, Carolyn (Fictitious character) > Fiction. Women food writers > Fiction. Women detectives > Fiction. Murder > Italy > Fiction. |
| Genre: | Mystery fiction. |
| LDR | 00977nam a2200277Ia 4500 | ||
|---|---|---|---|
| 001 | 61464 | ||
| 003 | LARL_NWRL_CONSORTIUM | ||
| 005 | 20050817150941.0 | ||
| 008 | 050705s2005 nyu 000 1 eng d | ||
| 020 | . | ‡a0425203999 (pbk.) : ‡c$5.99 | |
| 035 | . | ‡a(OCoLC)60805548 | |
| 040 | . | ‡aBPL ‡cBPL | |
| 043 | . | ‡ae-it--- | |
| 100 | 1 | . | ‡aFairbanks, Nancy. |
| 245 | 1 | 0. | ‡aMozzarella most murderous / ‡cNancy Fairbanks. |
| 250 | . | ‡aBerkley Prime Crime mass-market ed. | |
| 260 | . | ‡aNew York : ‡bBerkley Prime Crime, ‡c2005. | |
| 300 | . | ‡a294 p. ; ‡c18 cm. | |
| 500 | . | ‡a"A culinary mystery with recipes"--Cover. | |
| 650 | 0. | ‡aBlue, Carolyn (Fictitious character) ‡vFiction. | |
| 650 | 0. | ‡aWomen food writers ‡vFiction. | |
| 650 | 0. | ‡aWomen detectives ‡vFiction. ‡0(LARL_NWRL_CONSORTIUM)167906 | |
| 650 | 0. | ‡aMurder ‡zItaly ‡vFiction. | |
| 655 | 7. | ‡aMystery fiction. ‡2gsafd | |
| 901 | . | ‡a61464 ‡bOCLC ‡c61464 ‡tbiblio | |

Add to basket
Permalink
Disable Highlighting